| 000 | 00363nam a2200145Ia 4500 | ||
|---|---|---|---|
| 008 | 230917s9999||||xx |||||||||||||| ||und|| | ||
| 040 |
_e41007 _aMAIN |
||
| 041 | _aEnglish | ||
| 082 | _a813.09 S15A | ||
| 100 | _aStaib, Paula | ||
| 245 | 0 | _aAcademic woman in the American college novel | |
| 260 |
_aMeerut _bAnu Prakashan |
||
| 300 | _ax, 172 p. | ||
| 942 | _cBK | ||
| 999 |
_c227875 _d227875 |
||